000 00496nam a2200181 a 4500
005 20140310183227.0
008 040308s19uu xx 00 eng d
020 _a0671698249
050 _aPZ 7
_b.F532 1989
100 _aCherryh, C.J.
245 _aA Dirge for sabis /
_cC.J. Cherryh; Leslie Fish.
260 _aNew York :
_bBaen Pub.,
_c1989.
300 _a393p. :
_c17cm.
500 _a"Book 1 of thesword of knowledge"
650 _aFantasy Fiction
942 _cBK
_2lcc
999 _c20432
_d20432